00316nam a22001097a 4500020001500000040000900015082001800024100002100042245007400063260003500137650003400172 a0070653291 cNust a621.3193bTRA aJohn E. Traister aIndustrial electrical wiring bDesign, installation, and maintenance  aNew York:bMcGraw Hill,c1997. aIndustrial electrical wiring